Responses for Show #511 - Monday, November 24, 1986

Contestants

[<< previous game]

Jeff Ramsey, a news director from Medford, Oregon

Patty Young, an accountant from Azusa, California

Linda Williams, an engineering reports clerk from Pasadena, California (whose 2-day cash winnings total $14,100)

[next game >>]

Jeopardy! Round responses

JAZZ NICKNAMES
THE HUMAN BODY
HATS
FEBRUARY
PEOPLE
SIDEWALKS OF NEW YORK
    $100 1
Dizzy

Patty
    $100 7
left side

Patty
    $100 21
Groucho

Jeff
    $100 9
(Patty: What are gloves?)

shoes

LindaPatty
    $100 2
Dolly Parton

Jeff
    $100 26
Broadway

Jeff
    $200 3
Fats

Patty
    $200 8
tears

Linda
    $200 22
Bullwinkle

Patty
    $200 10
polio

Jeff
    $200 14
28

Jeff
    $200 27
paved street

Linda
    $300 4
zoot

Patty
    $300 11
700,000

Jeff
    $300 23
triple crown

Linda
    $300 18
February 12th

Linda
    $300 15
Prince Charles

Patty
    $500 28
Fifth Avenue

Linda
    $400 5
Jelly Roll

Linda
    $400 12
spleen

Jeff
    $400 24
(Alex: Less than a minute to go.)

boater

Jeff
    $400 19
February 29th

Patty
    $400 16
Steve Allen

Linda
    $400 29
[The end-of-round signal sounds.]

Sixth Avenue

Triple Stumper
    $500 6
Earl "Fatha" Hines

Jeff
    $500 13
(Jeff: What is the liver?)

pancreas

Jeff
Triple Stumper
    $500 25
homburg

Jeff
    $500 20
Gerrymander

Jeff
    $500 17
IQ

Jeff

Scores at the first commercial break (after clue 13):

Linda Patty Jeff
$700 $600 $1,000

Scores at the end of the Jeopardy! Round:

Linda Patty Jeff
$2,400 $1,500 $3,300

Double Jeopardy! Round responses

BOOKS & AUTHORS
ORGANIZED LABOR
TOUGH TV TRIVIA
GEOGRAPHY
GREAT ROMANCES
HAPPY BIRD DAYS
    $200 10
Paradise Lost

Jeff
    $200 25
JFK

Jeff
    $200 1
Gidget

Patty
    $200 15
Athens

Jeff
    $200 6
Cleopatra

Linda
    $200 20
Florence Nightingale

Patty
    $400 11
(Jeff: What is "Ben-Hur"?)

Quo Vadis

Jeff
Triple Stumper
    $400 26
union shop

Patty
    $400 2
Broderick Crawford

Linda
    $400 16
Scotland

Jeff
    $400 7
Cressida

Jeff
    $400 21
(Alex: Less than a minute to go.)

the Baltimore Orioles

Patty
    $600 12
Peck's Bad Boy

Triple Stumper
    $600 27
(Patty: Who is Samuel Gompers?)
(Linda: Who is Walter Reuther?)
...
[The end-of-round signal sounds.]

John L. Lewis

LindaPatty
Triple Stumper
    $600 3
Beulah

Linda
    $600 17
Netherlands

Jeff
    $1,000 8
(Jeff: Who is Saint Francis?)

Abraham Lincoln

Jeff
    $600 22
(Linda: What are vultures?)
(Linda was initially ruled incorrect and the decision was reversed before the FJ! clue was revealed.)

buzzards

LindaPatty
    $800 13
Vance Packard

Triple Stumper
    $1,000 4
Laverne & Shirley and Mork & Mindy or Joanie Loves Chachi

Linda
    $800 18
southernmost city in the world

Jeff
    $800 9
(Patty: Who is Sarah?)

Rachel

Patty
Triple Stumper
    $800 23
homing pigeons

Linda
    $1000 14
Boccaccio

Jeff
    $1000 5
Skitch Henderson

Triple Stumper
    $1000 19
Darjeeling

Triple Stumper
    $1000 24
(Sir Christopher) Wren

Jeff

Scores at the end of the Double Jeopardy! Round:

Linda Patty Jeff
$5,400 $1,900 $6,700

[wagering suggestions for these scores]

Final Jeopardy! Round responses

MILITARY HISTORY
PattyWhat is WWI?
$1,800
LindaWhat is the War of 1812?
$0
JeffWhat was WWI?
$4,200
the Civil War

Final scores:

Linda Patty Jeff
$5,400 $100 $2,500
3-day champion: $19,500 3rd place: New Home 2022 sewing machine 2nd place: Maytag washer & dryer & Donvier ice cream makers

Game dynamics:

Coryat scores:

Linda Patty Jeff
$5,000 $1,900 $7,700
14 R
(including 2 DDs),
1 W
12 R,
3 W
21 R,
3 W
(including 1 DD)

Combined Coryat: $14,600

[game clues] [game scores] [suggest correction]

Game tape date: 1986-09-10
The J! Archive is created by fans, for fans. Scraping, republication, monetization, and malicious use prohibited; this site may use cookies and collect identifying information. See terms. The Jeopardy! game show and all elements thereof, including but not limited to copyright and trademark thereto, are the property of Jeopardy Productions, Inc. and are protected under law. This website is not affiliated with, sponsored by, or operated by Jeopardy Productions, Inc. Join the discussion at JBoard.tv.